[Event "GER-ch U18 Girls"]
[Site "Oberhof"]
[Date "2010.05.24"]
[Round "3"]
[White "Stoer, Agnes"]
[Black "Mueller, Anna Louise"]
[Result "0-1"]
[WhiteElo "1877"]
[BlackElo "1627"]
[PlyCount "136"]
[EventDate "2010.05.22"]
[EventType "swiss"]
[EventRounds "9"]
[EventCountry "GER"]
[SourceTitle "CBM 136 Extra"]
[Source "ChessBase"]
[SourceDate "2010.07.02"]
[SourceVersion "2"]
[SourceVersionDate "2010.07.15"]
[SourceQuality "1"]

1. d4 Nf6 2. Nf3 g6 3. c4 Bg7 4. Nc3 0-0 5. e4 d6 6. Be2 e5 7. dxe5 dxe5 8. Qxd8 Rxd8 9. Bg5 c6 10. Nxe5 Re8 11. 0-0-0 Nxe4 12. Nxe4 Bxe5 13. Nf6+ Bxf6 14. Bxf6 Nd7 15. Rxd7 Bxd7 16. Bf3 Bf5 17. Rd1 Re6 18. Bc3 Re7 19. b3 Rae8 20. Bb4 Rd7 21. Bd6 Re6 22. c5 Rd8 23. Kb2 Rde8 24. g4 Be4 25. Be2 Bd5 26. Bd3 Bf3 27. Rg1 Re1 28. Rxe1 Rxe1 29. g5 Rd1 30. Kc2 Re1 31. Kb2 Kg7 32. Bb8 Be4 33. Bc4 b5 34. cxb6 axb6 35. a4 Rb1+ 36. Ka2 Rd1 37. Bf4 Bd3 38. Kb2 Bxc4 39. bxc4 Rd7 40. Kc3 Ra7 41. Kb4 Kf8 42. Bb8 Rb7 43. Bd6+ Ke8 44. c5 bxc5+ 45. Kxc5 Kd7 46. Be5 Ra7 47. Kb4 Ke6 48. Bd4 Ra6 49. a5 Kd5 50. Bb6 Ra8 51. Kc3 c5 52. Kd3 Ra6 53. Bc7 c4+ 54. Kc3 Kc5 55. Bb6+ Kb5 56. f3 Ra8 57. f4 Re8 58. Kd2 Re4 59. Bc7 Rd4+ 60. Kc3 Rd3+ 61. Kc2 Rh3 62. f5 gxf5 63. Kb2 Rf3 64. h4 Rh3 65. Bd8 f4 66. a6 Kxa6 67. Bc7 f3 68. Kc3 f2+ 0-1

[Event "GER-ch U18 Girls"]
[Site "Oberhof"]
[Date "2010.05.23"]
[Round "1"]
[White "Dorn, Carina"]
[Black "Mueller, Anna Louise"]
[Result "1-0"]
[WhiteElo "1869"]
[BlackElo "1627"]
[PlyCount "73"]
[EventDate "2010.05.22"]
[EventType "swiss"]
[EventRounds "9"]
[EventCountry "GER"]
[SourceTitle "CBM 136 Extra"]
[Source "ChessBase"]
[SourceDate "2010.07.02"]
[SourceVersion "2"]
[SourceVersionDate "2010.07.15"]
[SourceQuality "1"]

1. d4 Nf6 2. c4 g6 3. Nc3 Bg7 4. e4 d6 5. Nf3 0-0 6. Be2 e5 7. 0-0 Nc6 8. d5 Ne7 9. b4 Ne8 10. Be3 f5 11. Ng5 h6 12. Ne6 Bxe6 13. dxe6 f4 14. Bc1 Nf6 15. Bf3 Rc8 16. b5 c6 17. Ba3 Ne8 18. Qd3 Qc7 19. Rfd1 Rd8 20. Rab1 Qc8 21. Bg4 h5 22. Bh3 g5 23. Bf5 Nc7 24. Bxd6 Nxe6 25. Qh3 Nxf5 26. exf5 Nd4 27. Bxf8 Rxf8 28. Qxh5 Rxf5 29. Ne2 Nxe2+ 30. Qxe2 Qe6 31. Rd8+ Bf8 32. Rbd1 Rf7 33. Qh5 cxb5 34. cxb5 Rg7 35. h3 Qxa2 36. R1d6 Qb1+ 37. Kh2 1-0

[Event "GER-chT U20 Girls "]
[Site "Chemnitz"]
[Date "2009.12.27"]
[Round "1.3"]
[White "Heym, Alexandra"]
[Black "Mueller, Anna Louise"]
[Result "0-1"]
[WhiteElo "1206"]
[BlackElo "1644"]
[PlyCount "53"]
[EventDate "2009.12.27"]
[EventType "team-swiss"]
[EventRounds "7"]
[EventCountry "GER"]
[SourceTitle "EXT 2022"]
[Source "ChessBase"]
[SourceDate "2021.10.06"]
[SourceVersion "1"]
[SourceVersionDate "2021.10.06"]
[SourceQuality "1"]
[WhiteTeam "Fichtelgebirge U20 Girls"]
[BlackTeam "Berlin Empor U20 Girls"]
[WhiteTeamCountry "GER"]
[BlackTeamCountry "GER"]

1. e4 c5 2. Bc4 d6 3. d3 g6 4. Nf3 Nc6 5. 0-0 Bg7 6. Re1 Nf6 7. c3 0-0 8. Be3 b6 9. Nbd2 Bb7 10. d4 cxd4 11. Nxd4 Ne5 12. f3 Re8 13. Qa4 a6 14. Be2 b5 15. Qc2 d5 16. Bd3 Nxd3 17. Qxd3 dxe4 18. Nxe4 Nxe4 19. fxe4 e5 20. Rad1 exd4 21. Bxd4 Rc8 22. Bxg7 Qxd3 23. Rxd3 Kxg7 24. Rde3 Rc4 25. e5 Rc7 26. Kf2 Rd7 27. R1e2 0-1

[Event "BL2 Ost 0809 (Women)"]
[Site "Germany"]
[Date "2009.03.08"]
[Round "7.6"]
[White "Mueller, Anna Louise"]
[Black "Spangenberg, Pia"]
[Result "0-1"]
[WhiteElo "1581"]
[BlackElo "1861"]
[PlyCount "90"]
[EventDate "2008.11.08"]
[EventType "team-tourn"]
[EventRounds "7"]
[EventCountry "GER"]
[SourceTitle "EXT 2010"]
[Source "ChessBase"]
[SourceDate "2010.11.25"]
[SourceVersion "1"]
[SourceVersionDate "2010.11.25"]
[SourceQuality "1"]
[WhiteTeam "Guben (W)"]
[BlackTeam "Leipzig Lindenau (W)"]
[WhiteTeamCountry "GER"]
[BlackTeamCountry "GER"]

1. e4 d5 2. exd5 Nf6 3. d4 Nxd5 4. c4 Nb6 5. Nc3 Bf5 6. c5 Nd5 7. Qf3 e6 8. a3 c6 9. Nxd5 Qxd5 10. Qxd5 cxd5 11. Bb5+ Nd7 12. Nf3 0-0-0 13. Bxd7+ Rxd7 14. b4 f6 15. 0-0 b6 16. Be3 Be7 17. c6 Rc7 18. b5 Bd3 19. a4 Bxf1 20. Kxf1 Bd6 21. a5 bxa5 22. Rxa5 Kb8 23. Nd2 Re7 24. Nb3 Bc7 25. Ra4 Bb6 26. Nc5 Kc7 27. Na6+ Kd6 28. Bd2 e5 29. Bb4+ Ke6 30. dxe5 fxe5 31. Bxe7 Kxe7 32. Nb4 Kd6 33. Na6 Rf8 34. Ra2 Rf4 35. c7 Rc4 36. Ra4 Rc1+ 37. Ke2 Bxc7 38. Rg4 g6 39. Rh4 h5 40. Rb4 Bb6 41. Rb2 e4 42. Nb4 Rh1 43. Rd2 d4 44. h3 Rg1 45. g3 Rb1 0-1

[Event "BL2 Ost 0809 (Women)"]
[Site "Germany"]
[Date "2009.03.07"]
[Round "6.6"]
[White "Kietz, Henrike"]
[Black "Mueller, Anna Louise"]
[Result "0-1"]
[WhiteElo "1404"]
[BlackElo "1581"]
[PlyCount "82"]
[EventDate "2008.11.08"]
[EventType "team-tourn"]
[EventRounds "7"]
[EventCountry "GER"]
[SourceTitle "EXT 2010"]
[Source "ChessBase"]
[SourceDate "2010.11.25"]
[SourceVersion "1"]
[SourceVersionDate "2010.11.25"]
[SourceQuality "1"]
[WhiteTeam "Leipzig Mitte (W)"]
[BlackTeam "Guben (W)"]
[WhiteTeamCountry "GER"]
[BlackTeamCountry "GER"]

1. e4 c5 2. Nf3 d6 3. d4 cxd4 4. Nxd4 Nf6 5. Nc3 g6 6. f3 Bg7 7. Be3 0-0 8. Qd2 Nc6 9. 0-0-0 d5 10. Nxc6 bxc6 11. Bh6 Qa5 12. Bxg7 Kxg7 13. a3 Be6 14. h4 dxe4 15. Nxe4 Qxd2+ 16. Nxd2 Rfd8 17. g4 h5 18. g5 Nd5 19. Ne4 Ne3 20. Rxd8 Rxd8 21. Bd3 Bc4 22. Bxc4 Nxc4 23. Re1 Rd5 24. Nc3 Re5 25. Re4 Rxe4 26. fxe4 Ne5 27. b4 Nf3 28. b5 cxb5 29. Nxb5 a6 30. Na7 Nxh4 31. c4 Kf8 32. c5 Ke8 33. Kd2 Nf3+ 34. Ke3 Ne5 35. a4 Kd8 36. Kd4 f6 37. gxf6 exf6 38. Kd5 Kc7 39. Ke6 h4 40. Kxf6 Nd7+ 41. Kg5 h3 0-1

[Event "Berlin-ch U18 final"]
[Site "Berlin"]
[Date "2009.02.01"]
[Round "1.4"]
[White "Kather, Yannick"]
[Black "Mueller, Anna Louise"]
[Result "0-1"]
[WhiteElo "1405"]
[BlackElo "1667"]
[PlyCount "62"]
[EventDate "2009.02.01"]
[EventType "swiss"]
[EventRounds "7"]
[EventCountry "GER"]
[SourceTitle "EXT 2022"]
[Source "ChessBase"]
[SourceDate "2021.10.06"]
[SourceVersion "1"]
[SourceVersionDate "2021.10.06"]
[SourceQuality "1"]

1. e4 c5 2. Nf3 d6 3. d3 Nf6 4. Be2 Nc6 5. Nc3 g6 6. Bg5 Bg7 7. Qd2 0-0 8. Bh6 d5 9. Bxg7 Kxg7 10. exd5 Nb4 11. 0-0 Nbxd5 12. d4 cxd4 13. Qxd4 Nxc3 14. Qxc3 Be6 15. Nd4 Bd5 16. Qe3 Re8 17. Bb5 Rf8 18. c4 a6 19. cxd5 axb5 20. Nxb5 Nxd5 21. Qd4+ Nf6 22. Rfd1 Qxd4 23. Rxd4 Rac8 24. Rad1 Rc2 25. R4d2 Rfc8 26. g3 Ne4 27. Rxc2 Rxc2 28. f3 Nd2 29. Nd4 Rxb2 30. a4 e5 31. Nb5 Nxf3+ 0-1

[Event "BL2 Ost 0708 (Women)"]
[Site "Germany"]
[Date "2008.03.16"]
[Round "7.5"]
[White "Kietz, Henrike"]
[Black "Mueller, Anna Louise"]
[Result "0-1"]
[WhiteElo "1503"]
[BlackElo "1525"]
[PlyCount "68"]
[EventDate "2007.11.10"]
[EventType "team-tourn"]
[EventRounds "7"]
[EventCountry "GER"]
[SourceTitle "EXT 2009"]
[Source "ChessBase"]
[SourceDate "2008.11.26"]
[SourceVersion "1"]
[SourceVersionDate "2008.11.26"]
[SourceQuality "1"]
[WhiteTeam "Leipzig Mitte (W)"]
[BlackTeam "Guben (W)"]
[WhiteTeamCountry "GER"]
[BlackTeamCountry "GER"]

1. e4 c5 2. Nf3 d6 3. d4 cxd4 4. Nxd4 Nf6 5. Nc3 g6 6. Be2 Bg7 7. Be3 0-0 8. Qd2 Nc6 9. 0-0-0 d5 10. exd5 Nxd5 11. Nxc6 bxc6 12. Nxd5 cxd5 13. Qxd5 Qc7 14. Qc5 Qb7 15. Bd4 Bxd4 16. Qxd4 Qxg2 17. h4 Bf5 18. h5 Rac8 19. Bc4 e5 20. Qc3 Rxc4 21. Qxc4 Rc8 22. h6 Qg5+ 23. f4 exf4 24. Qd4 Rxc2+ 25. Kb1 Rd2+ 26. Ka1 Rxd4 27. Rxd4 Kf8 28. Ra4 Qg2 29. Rc1 f3 30. Rd4 f2 31. Rdd1 Bg4 32. Rf1 Bh3 33. Rfd1 Qf3 34. Rh1 f1Q 0-1

[Event "GER North-chT U16"]
[Site "Magdeburg"]
[Date "2006.08.28"]
[Round "5.4"]
[White "Rohde, Patrick"]
[Black "Mueller, Anna Louise"]
[Result "1-0"]
[WhiteElo "1226"]
[BlackElo "1522"]
[PlyCount "81"]
[EventDate "2006.08.26"]
[EventType "team"]
[EventRounds "7"]
[EventCountry "GER"]
[SourceTitle "EXT 2007"]
[Source "ChessBase"]
[SourceDate "2006.11.23"]
[SourceVersion "1"]
[SourceVersionDate "2006.11.23"]
[SourceQuality "1"]

1. e4 c5 2. Nf3 d6 3. d4 cxd4 4. Nxd4 Nf6 5. Nc3 g6 6. Be3 Bg7 7. Be2 0-0 8. 0-0 Nc6 9. f4 Bd7 10. h3 Qb6 11. Qd3 Nxe4 12. Nxc6 Qxc6 13. Qxe4 d5 14. Qxd5 Qxd5 15. Nxd5 e6 16. Nc3 Rfc8 17. Bd2 a6 18. Bf3 Bd4+ 19. Kh1 Rab8 20. Rad1 Rd8 21. Be1 Bf6 22. Bg3 Bc6 23. Bxc6 Rxd1 24. Nxd1 bxc6 25. b3 Rd8 26. Ne3 Kf8 27. Rd1 Rxd1+ 28. Nxd1 Ke7 29. c4 Kd6 30. Nf2 Bd4 31. Ne4+ Ke7 32. Bf2 Bxf2 33. Nxf2 Kf6 34. Nd3 Kf5 35. g3 Ke4 36. Nb4 Kf3 37. Kh2 g5 38. fxg5 e5 39. Nxc6 e4 40. Nd4+ Ke3 41. Nf5+ 1-0

[Event "GER North-chT U16"]
[Site "Magdeburg"]
[Date "2006.08.27"]
[Round "3.4"]
[White "Rickmann, David"]
[Black "Mueller, Anna Louise"]
[Result "0-1"]
[WhiteElo "1510"]
[BlackElo "1565"]
[PlyCount "88"]
[EventDate "2006.08.26"]
[EventType "team"]
[EventRounds "7"]
[EventCountry "GER"]
[SourceTitle "EXT 2007"]
[Source "ChessBase"]
[SourceDate "2006.11.23"]
[SourceVersion "1"]
[SourceVersionDate "2006.11.23"]
[SourceQuality "1"]

1. e4 c5 2. Nf3 d6 3. d4 cxd4 4. Nxd4 Nf6 5. Nc3 g6 6. Be3 Bg7 7. f3 0-0 8. Qd2 Nc6 9. 0-0-0 d5 10. Qe1 e5 11. Nxc6 bxc6 12. Bg5 d4 13. Bc4 Qc7 14. Ne2 c5 15. h4 Rb8 16. Rd3 Bd7 17. Rb3 Ba4 18. Rxb8 Rxb8 19. h5 Qb6 20. b3 Bb5 21. Bxb5 Qxb5 22. hxg6 fxg6 23. Kb1 c4 24. Nc1 a5 25. Qh4 cxb3 26. axb3 Kf7 27. Bxf6 Bxf6 28. Qxh7+ Bg7 29. Qh4 a4 30. Qf2 axb3 31. cxb3 Qc6 32. Qc2 Qb5 33. Kb2 Kf6 34. Qd3 Qc5 35. Qc2 Qb5 36. Nd3 Bf8 37. Ra1 Ke6 38. Nc1 Kf6 39. Ra4 Qxa4 40. g3 Ba3+ 41. Kb1 Bxc1 42. Kxc1 Qxb3 43. Qc6+ Qe6 44. Qa4 Qc8+ 0-1

[Event "GER-ch U14 Girls"]
[Site "Willingen"]
[Date "2006.06.06"]
[Round "6"]
[White "Dorn, Carina"]
[Black "Mueller, Anna Louise"]
[Result "1/2-1/2"]
[WhiteElo "1588"]
[BlackElo "1432"]
[PlyCount "84"]
[EventDate "2006.06.03"]
[EventType "swiss"]
[EventRounds "9"]
[EventCountry "GER"]
[SourceTitle "EXT 2007"]
[Source "ChessBase"]
[SourceDate "2006.11.23"]
[SourceVersion "1"]
[SourceVersionDate "2006.11.23"]
[SourceQuality "1"]

1. d4 Nf6 2. c4 g6 3. Nc3 Bg7 4. e4 d6 5. Nf3 0-0 6. Be2 Nbd7 7. 0-0 e5 8. Re1 h6 9. Bf1 Nh7 10. Rb1 f5 11. exf5 gxf5 12. dxe5 Nxe5 13. Nxe5 dxe5 14. Kh1 c6 15. Qh5 Nf6 16. Qg6 Qe8 17. Qxe8 Rxe8 18. Rd1 Ng4 19. Kg1 Be6 20. h3 Nf6 21. Be3 f4 22. Bc5 Bf5 23. Rbc1 Bf8 24. Bxf8 Kxf8 25. Rd6 Kg7 26. f3 Rad8 27. Rcd1 Rxd6 28. Rxd6 Re7 29. Bd3 Bxd3 30. Rxd3 Kg6 31. Kf2 Kf5 32. b3 h5 33. Rd2 h4 34. Re2 Rd7 35. Ne4 Nxe4+ 36. fxe4+ Kg5 37. Rc2 Rd3 38. Re2 Rd4 39. Kf1 Rd1+ 40. Kf2 Rd4 41. Kf1 Rd1+ 42. Kf2 Rd4 1/2-1/2

[Event "GER-ch U14 Girls"]
[Site "Willingen"]
[Date "2006.06.04"]
[Round "2"]
[White "Mueller, Anna Louise"]
[Black "Hohmann, Louisa"]
[Result "1/2-1/2"]
[WhiteElo "1432"]
[BlackElo "1662"]
[PlyCount "69"]
[EventDate "2006.06.03"]
[EventType "swiss"]
[EventRounds "9"]
[EventCountry "GER"]
[SourceTitle "EXT 2007"]
[Source "ChessBase"]
[SourceDate "2006.11.23"]
[SourceVersion "1"]
[SourceVersionDate "2006.11.23"]
[SourceQuality "1"]

1. e4 e5 2. Nf3 Nf6 3. Nc3 Nc6 4. d4 exd4 5. Nxd4 Bb4 6. Nxc6 bxc6 7. Bd3 0-0 8. 0-0 d5 9. exd5 cxd5 10. Bg5 c6 11. Ne2 Be6 12. Nd4 c5 13. Nc6 Qd7 14. Nxb4 cxb4 15. Bxf6 gxf6 16. Qh5 Rfc8 17. Qxh7+ Kf8 18. Qh6+ Ke7 19. Rfe1 Rh8 20. Qf4 Qb7 21. Bf5 Rag8 22. Bxe6 fxe6 23. Qf5 Qc6 24. Rad1 Rg5 25. Qf4 a5 26. Rd2 Kf7 27. Rde2 d4 28. Qe4 Qxe4 29. Rxe4 Rgh5 30. h3 e5 31. f4 Ke6 32. fxe5 Rxe5 33. Kf2 Rc8 34. R4e2 Kd6 35. g3 1/2-1/2

[Event "GER-chT U16"]
[Site "Berlin"]
[Date "2005.12.28"]
[Round "4.4"]
[White "Jannes, Alexander"]
[Black "Mueller, Anna Louise"]
[Result "1-0"]
[WhiteElo "1660"]
[BlackElo "1455"]
[PlyCount "59"]
[EventDate "2005.12.27"]
[EventType "team-swiss"]
[EventRounds "7"]
[EventCountry "GER"]
[SourceTitle "EXT 2022"]
[Source "ChessBase"]
[SourceDate "2021.10.06"]
[SourceVersion "1"]
[SourceVersionDate "2021.10.06"]
[SourceQuality "1"]
[WhiteTeam "Tamm 74 U16"]
[BlackTeam "Friedrichsfelde Borussia U16"]
[WhiteTeamCountry "GER"]
[BlackTeamCountry "GER"]

1. d4 Nf6 2. c4 g6 3. Nc3 Bg7 4. e4 d6 5. Nf3 0-0 6. Be2 Nbd7 7. 0-0 e5 8. d5 Nc5 9. Qc2 Ne8 10. b4 Na6 11. a3 f5 12. Bd3 f4 13. c5 Bg4 14. c6 Qc8 15. cxb7 Qxb7 16. Be2 Bxf3 17. Bxf3 Qc8 18. Be2 Nb8 19. Bd2 g5 20. f3 h5 21. Be1 g4 22. Bf2 Rf6 23. Rfc1 Rg6 24. Nb5 Bh6 25. Nxc7 gxf3 26. Bxf3 Qh3 27. Kh1 Qd7 28. Nxa8 Na6 29. Qc8 Qb5 30. Bxh5 1-0

[Event "GER-chT U16"]
[Site "Berlin"]
[Date "2005.12.27"]
[Round "2.4"]
[White "Pokorny, Fabian"]
[Black "Mueller, Anna Louise"]
[Result "0-1"]
[WhiteElo "1768"]
[BlackElo "1455"]
[PlyCount "56"]
[EventDate "2005.12.27"]
[EventType "team-swiss"]
[EventRounds "7"]
[EventCountry "GER"]
[SourceTitle "EXT 2022"]
[Source "ChessBase"]
[SourceDate "2021.10.06"]
[SourceVersion "1"]
[SourceVersionDate "2021.10.06"]
[SourceQuality "1"]
[WhiteTeam "Kelheim SK U16"]
[BlackTeam "Friedrichsfelde Borussia U16"]
[WhiteTeamCountry "GER"]
[BlackTeamCountry "GER"]

1. e4 c5 2. Nf3 d6 3. d4 cxd4 4. Nxd4 Nf6 5. Nc3 g6 6. Be3 Bg7 7. Bc4 0-0 8. Bb3 Nc6 9. f3 Bd7 10. Qd2 Rc8 11. 0-0-0 Ne5 12. Bh6 Nc4 13. Bxc4 Rxc4 14. Bxg7 Kxg7 15. h4 b5 16. Nd5 Ra4 17. Kb1 Nxd5 18. exd5 Qb6 19. Qc3 Kg8 20. Ne2 Rc8 21. Qb3 Bf5 22. Nc3 Rac4 23. Rd2 a5 24. a3 a4 25. Qa2 Qa5 26. Rc1 b4 27. axb4 Qxb4 28. Re2 Rxc3 0-1

[Event "GER-ch U12"]
[Site "Willingen"]
[Date "2004.05.31"]
[Round "4"]
[White "Specht, Christian"]
[Black "Mueller, Anna Louise"]
[Result "1-0"]
[WhiteElo "1471"]
[BlackElo "1349"]
[PlyCount "111"]
[EventDate "2004.06.??"]
[EventType "swiss"]
[EventRounds "11"]
[EventCountry "GER"]
[SourceTitle "EXT 2005"]
[Source "ChessBase"]
[SourceDate "2004.11.15"]
[SourceVersion "1"]
[SourceVersionDate "2004.11.15"]
[SourceQuality "1"]

1. e4 c5 2. Nf3 d6 3. d4 cxd4 4. Nxd4 Nf6 5. Nc3 g6 6. f3 Bg7 7. Be3 0-0 8. Qd2 Nc6 9. 0-0-0 Nxd4 10. Bxd4 Be6 11. h4 h5 12. Be3 a6 13. Bh6 Rc8 14. Bxg7 Kxg7 15. Be2 b5 16. Qg5 Rc5 17. Qd2 Bc4 18. g4 Bxe2 19. Qxe2 Qa5 20. gxh5 Nxh5 21. Qe3 b4 22. Nb1 Qxa2 23. Qd4+ Nf6 24. Qxb4 Qc4 25. Qxc4 Rxc4 26. Nc3 Rfc8 27. Rh2 Nd7 28. h5 gxh5 29. Rxh5 Ne5 30. Rg1+ Kf6 31. Rh6+ Ng6 32. Rg2 e6 33. f4 Ke7 34. f5 exf5 35. Nd5+ Ke6 36. Nb6 fxe4 37. Nxc8 Rxc8 38. Kd2 d5 39. Rf2 Rd8 40. Ke3 Rd7 41. c3 Kd6 42. Rf6+ Kc5 43. Rxa6 Ne5 44. Rh1 Nc4+ 45. Ke2 Nxb2 46. Rh7 Nc4 47. Rf6 Ne5 48. Rf5 Re7 49. Rhh5 Kd6 50. Ke3 Nc4+ 51. Kd4 Nb6 52. Rh6+ Kc7 53. Rff6 e3 54. Rxb6 e2 55. Rhc6+ Kd7 56. Rb7+ 1-0